01770nam a2200325 a 450000500170000000800410001702000280005802000280008604000270011404100080014104400070014908200190015624501900017525000220036526001250038730000890051249001150060150400420071650502410075865000490099965000390104865000580108765000360114565000500118170000280123170000340125970000310129370000390132471000810136320200104041749.0151109b2016 ck abdofr||||f00| 0 spa d a9789588889863 (impreso) a9789588889970 (digital) aCO-BoIAVH cCO-BoIAVH 0 aspa ack04a333.9516bC75d10aConservación y desarrollo : bOportunidades para la gestión integral del territorio / ceditado por Germán Corzo, María Elfi Chaves, Hernando García y Marcela Portocarrero Aya aPrimera edición aBogotá, Colombia :bInstituto de Investigación de Recursos Biológicos Alexander von Humboldt :bEcopetrol,c2016. a141 páginas :bilustraciones, mapas, tablas y fotografías a color ;c28 x 22 cm.0 aSerie planeación ambiental para la conservación de la biodiversidad en las áreas operativas de Ecopetrol aIncluye referencias bibliográficas.0 aParte 1: Marco legal y política de las inversiones ambientales en Colombia Parte 2: Gestión integral de la biodiversidad en el territorio. Parte 3: Oportunidades locales de inversión para la gestión integral de la biodiversidad.26aBiodiversidadxGestión ambientalzColombia26aOrdenación de recursoszColombia26aBiodiversidadxLegislación medioambientalzColombia24aGestión territorialyColombia26aBiodiversidadxPolítica ambientalyColombia1 aCorzo, Germáneeditor1 aChaves, María Elfieeditora1 aGarcía, Hernandoeeditor1 aPortocarrero Aya, Marcelaeeditora2 aInstituto de Investigación de Recursos Biológicos Alexander von Humboldt